LEADER 01307nam a2200313 u 4500 001 000000063940 003 CaOOAMICUS 005 20070226121312.0 008 011109s1990 it u000 u ita u 020 $a8816950773 035 $a10909370 040 $aPUL(R)$bita 100 1 $aBonicalzi, Francesca.$0(OLS)http://pul/name/3099 245 10$aPassioni della scienza :$bDescartes e la nascita della psicologia /$cFrancesca Bonicalzi. 260 $aMilano :$bJaca Book,$cc1990. 300 $a137 p. ;$c24 cm 490 1 $aLe Edizioni universitarie Jaca ;$v33 504 $aBibliografia in nota. 600 14$aDescartes, René,$d1596-1650.$0(OLS)http://pul/subject/2595 650 4$aPsicologia$xStoria.$0(OLS)http://pul/subject/7263 830 3$aLe Edizioni universitarie Jaca ;$v33.$0(OLS)http://pul/title/7770 850 $aPUL 852 $aPUL$W1$xSL Filosofia 1$y2$m83 B 64$j82958$nBK-PRI$b $qStampati$B82958$CPULBib$Z2$F82958 $H $81 941 1 $a8 960 $aCartesio,$d1596-1650$92595 961 $aINV: 79039 996 $6020$a8816950773$9(OLS)http://pul/number/83001 996 $6245$aPassioni della scienza :$bDescartes e la nascita della psicologia$9(OLS)http://pul/title/85209 996 $6260$aMilano :$bJaca Book$9(OLS)http://pul/publisher/47900 LEADER 01424nam a2200301 u 4500 001 000000109072 003 CaOOAMICUS 005 20080115160050.0 008 080115s2007 it u000 u ita u 020 $z978-88-7016-674-3* 040 $aPUL$bita$dLDB 041 1 $aita$heng 100 1 $aRömer, Thomas,$d1955-$0(OLS)http://pul/name/43701 240 14$aThe so-called Deuteronomistic History.$lItaliano.$0(OLS)http://pul/title/137233 245 10$aDal Deuteronomio ai Libri dei Re :$bintroduzione storica, letteraria e sociologica /$cThomas Römer ; edizione italiana a cura di Daniele Garrone. 260 $aTorino :$bClaudiana,$cc2007. 300 $a196 p. ;$c24 cm. 490 1 $aStrumenti ;$v36 504 $aInclude bibliografia e indici 630 04$aBiblia.$pV.T.$pDeuteronomium$xCommenti.$0(OLS)http://pul/subject/1948 700 1 $aGarrone, Daniele.$0(OLS)http://pul/name/32101 830 0$aStrumenti (Claudiana).$pCommentari ;$v36.$0(OLS)http://pul/title/133061 850 $aPUL 852 $aPUL$W1$xSL Religione 3$y85$m222 ROMTH 1$j124515$qDDC 21$B123315$CPULBib$Z2$F123315 $H106090 $82 941 1 $a9 996 $6020$z978-88-7016-674-3*$9(OLS)http://pul/number/136722 996 $6245$aDal Deuteronomio ai Libri dei Re :$bintroduzione storica, letteraria e sociologica$9(OLS)http://pul/title/137234 996 $6260$aTorino :$bClaudiana$9(OLS)http://pul/publisher/48072